ドラゴンクエストV(DQ5) モンスター闘技場の対戦カード - Statistics

General Stats
  • This quiz has been taken 4 times
  • The average score is 4 of 118
Answer Stats
設問ID Answer 倍率 % Correct
1 スライムB 3
100%
1 スライムC 3
100%
16 ホイミスライム 3
25%
16 バブルスライム 55
25%
16 スライム 107
25%
8 サボテンボールB 4
25%
31 メタルハンターB 2
25%
47 バルーンB 4
25%
8 サボテンボールC 4
25%
8 サボテンボールD 4
25%
2 おおきづち 3
0%
2 とげぼうず 5
0%
3 とげぼうず 25
0%
3 せみもぐら 10
0%
3 グリーンワーム 1
0%
4 ドラキー 5
0%
4 グリーンワーム 3
0%
5 いっかくウサギ 4
0%
5 バブルスライム 3
0%
5 ドラキー 8
0%
6 おおねずみ 2
0%
7 ベビーパンサー 7
0%
7 つちわらし 2
0%
9 おばけねずみ 4
0%
9 メラリザード 3
0%
10 ナイトウイプス 4
0%
10 スカルサーペント 6
0%
10 つちわらし 3
0%
11 ゴースト 4
0%
11 マッドプラント 2
0%
12 おばけキャンドル 5
0%
13 ダンスニードル 2
0%
14 ドラキーマ 4
0%
15 ブラウニー 6
0%
15 アルミラージ 2
0%
18 くさったしたい 6
0%
18 エビルアップル 9
0%
19 くさったしたい 3
0%
19 ピッキー 5
0%
19 トンネラー 3
0%
20 スライムナイト 3
0%
20 アウルベアー 7
0%
20 ともしびこぞう 7
0%
21 ともしびこぞう 3
0%
21 まどうし 3
0%
21 くさったしたい 5
0%
22 おばけキノコ 3
0%
22 エビルプラント 2
0%
23 ドラゴンキッズ 3
0%
23 クックルー 4
0%
23 エビルプラント 20
0%
24 ガメゴン 3
0%
24 さまようよろい 2
0%
24 さんぞくウルフ 14
0%
25 メタルスライム 11
0%
25 はぐれメタル 2
0%
26 ピッキー 20
0%
26 デスパロット 1
0%
27 モーザ 2
0%
27 パペットマン 3
0%
28 デスパロット 4
0%
28 イエティ 5
0%
28 デススパーク 5
0%
29 ドロヌーバ 6
0%
29 ビッグスロース 3
0%
29 スモールグール 3
0%
30 メタルライダー 11
0%
30 とつげきへい 6
0%
30 ビッグスロース 3
0%
32 へびこうもり 4
0%
32 ホースデビル 2
0%
33 ばくだんいわ 14
0%
33 マドルーパー 2
0%
34 まものつかい 5
0%
34 デスパロット 13
0%
34 マドルーパー 2
0%
35 ホースデビル 1
0%
35 おどるほうせき 13
0%
36 ベホマスライム 8
0%
36 キメラ 4
0%
36 スモールグール 6
0%
37 パペットマン 8
0%
37 ガスダンゴ 2
0%
38 スライム 2
0%
38 がいこつへい 4
0%
38 ばくだんベビー 7
0%
39 ランスアーミー 3
0%
39 オーク 4
0%
40 ホースデビル 3
0%
40 グレゴール 7
0%
40 とつげきへい 3
0%
41 ダックカイト 11
0%
41 まほうじじい 7
0%
41 ドラゴンマッド 2
0%
42 キメラ 2
0%
42 ダックカイト 4
0%
43 メイジキメラ 3
0%
43 ベロゴンロード 5
0%
44 ガボット 5
0%
44 オークキング 2
0%
45 ミニデーモン 8
0%
45 ほのおのせんし 3
0%
46 メッサーラ 8
0%
46 ダークマンモス 3
0%
47 ダックカイト 9
0%
47 のろいのマスク 4
0%
48 のろいのマスク 4
0%
48 ホークマン 5
0%
49 デンタザウルス 4
0%
49 アームライオン 3
0%
50 たまてがい 2
0%
50 オクトリーチ 9
0%
50 プチイール 7
0%
14 カパーラナーガA 13
0%
17 ピッキーA 5
0%
6 くびながイタチB 5
0%
14 カパーラナーガB 13
0%
17 ピッキーB 5
0%
No matching quizzes found
Score Distribution
Percent of People with Each Score
Percentile by Number Answered
Your Score History
You have not taken this quiz